000 00453nam a2200181Ia 4500
001 17759
005 20260306171541.0
008 260306s9999||||xx |||||||||||||| ||und||
041 _aESP
082 _aS 658.152
_bL87
100 _aLópez Lubián, Francisco J.
_eAUT
245 0 _aFinanzas corporativas en la práctica
260 _c2002
300 _axvii, 253 páginas :
_c23 cm.
650 _aGEN
654 _aCAN
942 _cLIB
_dJUS
_fJUS
_2ddc
_n
999 _c17759
_d17759